000 00322nam a2200133Ia 4500
005 20251222152604.0
008 251222s9999||||xx |||||||||||||| ||spa||
020 _a84844709970
082 _a808/R92/V.II
245 0 _aBiblioteca Premios Novel
250 _a1ra.ed.
264 _bEdiciones Rueda, J.M, S.A.
942 _cLIB
999 _c26715
_d26715